| 000 | 00500nam a2200193 a 4500 | ||
|---|---|---|---|
| 001 | 1762151196492 | ||
| 003 | ACL | ||
| 005 | 20251103120109.0 | ||
| 008 | 251103s2007##################000#0#eng## | ||
| 020 | _a9788189960995 | ||
| 082 | 0 | 4 |
_a658.1550954 _bCCH |
| 100 | 1 |
_aGupta, Ajay Kumar, _eauthor. |
|
| 245 | 1 | 0 | _aGuide To Risk Management In Imports And Exports In India : |
| 260 | _c2007. | ||
| 300 | _a474 pages | ||
| 650 | 0 | _aTrading companies. | |
| 942 | _cENGLISH | ||
| 040 |
_aACL _beng _cACL |
||
| 999 |
_c595366 _d595366 |
||